000 00450ntaaa2200193 4500
003 01
005 20251027202743.0
008 0714s1973 ag 01
040 _aAR-BaBN
_bspa
_cAR-BaBN
_eaacr
_dRIC
082 _a790.0000 G27
100 _aGeister, Edna
245 _aLet's play
250 _a1 ed.
260 _aNew York :
_bGeorge H Doran Company,
_cc1923
300 _a156 p
650 _arecreación
_918895
650 _ajuegos
942 _cBK
999 _c22795
_d22795